| 000 | 00410nam a2200169 a 4500 | ||
|---|---|---|---|
| 001 | 0646 | ||
| 005 | 20140414132038.0 | ||
| 008 | 040202s19uu xx 00 eng d | ||
| 020 | _a0-307-17504-9 | ||
| 050 |
_aTR _bSE1 1994 |
||
| 100 | _aDunbar, Joyce | ||
| 245 |
_aSeven Sillies / _cJoyce Dunbar. |
||
| 260 |
_aNew York : _bGolden Books, _c1994. |
||
| 300 | _ap. ; cm. | ||
| 500 | _aTR/PS | ||
| 999 |
_c113772 _d113772 |
||